000 00280nam a2200097Ia 4500
008 230915s9999 xx 000 0 und d
050 _aTR 146 .L66 1996
100 _aLONDON BARBARA
245 0 _aPHOTOGRAPHY, AN INTRODUCTION TO BLACK-AND-WHITE PHOTOGRAPHIC TECHNIQUE
942 _cBK
999 _c205562
_d205562